00303nam a2200109Ia 4500008004100000100001700041245003900058260000900097300002700106440002400133650003600157180117s9999 xx 000 0 und d aby Sol Vanzi aFrom Wet Markets to Shopping Malls c2017 a24 pages, 2017 April 9 aPhilippine Panorama aFILIPINO FOOD THROUGH THE YEARS